Characterization of an intracellular oligopeptidase from Lactobacillus paracasei /

Сохранить в:
Библиографические подробности
Главный автор: Tobiassen, R. O.
Другие авторы: Sorhaug, T., Stepaniak, L.
Формат: Статья
Язык:English
Предметы:
Метки: Добавить метку
Нет меток, Требуется 1-ая метка записи!
Thư viện lưu trữ: Thư viện Trường Đại học Đà Lạt
LEADER 00969nam a2200325 4500
001 DLU090096045
005 ##20091201
040 # # |a DLU  |b eng 
041 # # |a eng 
044 # # |a us 
100 # # |a Tobiassen, R. O. 
245 # # |a Characterization of an intracellular oligopeptidase from Lactobacillus paracasei /  |c R. O. Tobiassen, T. Sorhaug, L. Stepaniak. 
653 # # |a Bacteria 
653 # # |a Enzymes 
653 # # |a Intracellular 
653 # # |a Lactic acid bacteria 
653 # # |a Lactobacillaceae 
653 # # |a Purification 
700 # # |a Sorhaug, T. 
700 # # |a Stepaniak, L. 
773 # # |t Applied and Environmental Microbiology  |g Vol. 63, no. 4 (April 1997), p. 1284-1287 
920 # # |a Phòng Tạp chí -- Trung tâm Thông tin - Thư viện Trường Đại học Đà Lạt 
994 # # |a DLU 
900 # # |a True 
911 # # |a Trương Bảo Trâm Anh 
925 # # |a G 
926 # # |a A 
927 # # |a BB 
980 # # |a Thư viện Trường Đại học Đà Lạt